Co všechno je v sázce Zvláštnosti sociálně-ekonomického vývoje v Rusku
Transformácia Ruska prebieha v piatich vzájomne súvisiacich smeroch. Charakteristika jednotlivých smerov. Prezidentský režim. Výsledky hospodárskej politiky. Zmena mentality ľudí. Rozpočet a čečenský konflikt.
Gespeichert in:
| 1. Verfasser: | |
|---|---|
| Format: | Buchkapitel |
| Sprache: | Tschechisch |
| Schlagworte: | |
| Tags: |
Keine Tags, Fügen Sie das erste Tag hinzu!
|
MARC
| LEADER | 00000naa a2200000 4500 | ||
|---|---|---|---|
| 001 | r016778 | ||
| 005 | 20221208130714.5 | ||
| 041 | 0 | |a cze | |
| 044 | |a CZ | ||
| 245 | 1 | 0 | |a Co všechno je v sázce |b Zvláštnosti sociálně-ekonomického vývoje v Rusku |c K. Remčukov |
| 520 | |a Transformácia Ruska prebieha v piatich vzájomne súvisiacich smeroch. Charakteristika jednotlivých smerov. Prezidentský režim. Výsledky hospodárskej politiky. Zmena mentality ľudí. Rozpočet a čečenský konflikt. | ||
| 610 | 2 | 0 | |a vývoj hospodársky |
| 610 | 2 | 0 | |a vývoj spoločenský |
| 610 | 2 | 0 | |a politika hospodárska |
| 610 | 2 | 0 | |a transformácia |
| 610 | 2 | 0 | |a rozpočet štátny |
| 610 | 2 | 0 | |a Rusko |
| 100 | 1 | |a Remčukov, K. | |